حالة البيئة في الأردن 2000/2001 / (رقم التسجيلة. 100352)

تفاصيل مارك
000 -LEADER
fixed length control field 00721nam a22002177a 4500
005 - DATE AND TIME OF LATEST TRANSACTION
control field 20251108173302.0
008 - FIXED-LENGTH DATA ELEMENTS--GENERAL INFORMATION
fixed length control field 250721s2001 xx 000 0 ara d
020 ## - INTERNATIONAL STANDARD BOOK NUMBER
International Standard Book Number 995715012x
082 14 - DEWEY DECIMAL CLASSIFICATION NUMBER
Classification number 574.509565/تقر
100 1# - MAIN ENTRY--PERSONAL NAME
Personal name وردم، باتر محمد علي
Relator term معد
111 2# - MAIN ENTRY--MEETING NAME
Meeting name or jurisdiction name as entry element حالة البيئة في الأردن 2000/2001
Location of meeting عمان
Date of meeting أيلول/2001
245 10 - TITLE STATEMENT
Title حالة البيئة في الأردن 2000/2001 /
264 1# - PRODUCTION, PUBLICATION, DISTRIBUTION, MANUFACTURE, AND COPYRIGHT NOTICE
Place of production, publication, distribution, manufacture عمان :
Name of producer, publisher, distributor, manufacturer مركز الدراسات الجديد للدراسات،
Date of production, publication, distribution, manufacture, or copyright notice 2001.
300 ## - PHYSICAL DESCRIPTION
Extent 241ص.
650 17 - SUBJECT ADDED ENTRY--TOPICAL TERM
Topical term or geographic name as entry element علم البيئة
650 17 - SUBJECT ADDED ENTRY--TOPICAL TERM
Topical term or geographic name as entry element الاردن
650 17 - SUBJECT ADDED ENTRY--TOPICAL TERM
Topical term or geographic name as entry element حماية البيئة
650 17 - SUBJECT ADDED ENTRY--TOPICAL TERM
Topical term or geographic name as entry element التقرير
942 ## - ADDED ENTRY ELEMENTS (KOHA)
Source of classification or shelving scheme Dewey Decimal Classification
Koha item type كتب
المقتنيات
حالة السحب حالة الفقدان مصدر التصنيف حالة التلف غير قابل للإعارة المكتبة الرئيسية المكتبة الحالية موقع الرف تاريخ التزويد الرقم المتسلسل Total Checkouts رقم الإستدعاء الباركود تاريخ آخر ظهور تاريخ الفاتورة نوع المادة (كوها)
    Dewey Decimal Classification     المكتبة المركزية المكتبة المركزية الإعارة 15/09/2008 1216597   574.509565/تقر PLD00041041 28/07/2025 15/09/2008 كتب
    Dewey Decimal Classification     المكتبة المركزية المكتبة المركزية الإعارة 14/09/2014 1581490   574.509565/تقر PLD00306627 28/07/2025 14/09/2014 كتب
    Dewey Decimal Classification     المكتبة المركزية المكتبة المركزية مقتنيات قسم التزويد 28/07/2025 1759805   574.509565/تقر   28/07/2025 28/07/2025 كتب
Implemented & Customized by: BBB with SCIT (Smart Chains for Information Technology)

Powered by Koha